000 00474nam a2200181Ia 4500
001 19688
005 20260306172711.0
008 260306t2016||||xx |||||||||||||| ||spa||
041 _aESP
082 _a341
_bD59 Nº 4
100 _aVega Reñón, Luis
_eAUT
245 0 _aIntroducción a la teoría de la argumentación:
_bproblemas y perspectivas
260 _c2016
300 _a289 páginas :
_c20 cm.
650 _aGEN
654 _aCDE
942 _cLIB
_dJUS
_fJUS
_2ddc
_n
999 _c19688
_d19688